Statistics for Capitals of the World Territories

Click here to take the quiz!

General Stats

  • This quiz has been taken 13 times
  • The average score is 19 of 49

Answer Stats

HintAnswer% Correct
GreenlandNuuk
100%
GibraltarGibraltar
82%
Hong KongHong Kong
82%
MacauMacau
82%
Puerto RicoSan Juan
82%
French GuianaCayenne
64%
Isle of ManDouglas
55%
New CaledoniaNoumea
55%
Faroe IslandsTorshavn
55%
Cayman IslandsGeorge Town
45%
Ascension IslandGeorge Town
45%
BermudaHamilton
45%
Norfolk IslandKingston
45%
French PolynesiaPapeete
45%
ReunionSaint-Denis
45%
Falkland IslandsStanley
45%
CuraçaoWillemstad
45%
Pitcairn IslandsAdamstown
36%
GuadeloupeBasse-Terre
36%
Tristan da CunhaEdinburgh of the Seven Seas
36%
MartiniqueFort-de-France
36%
ArubaOranjestad
36%
Sint EustatiusOranjestad
36%
British Virgin IslandsRoad Town
36%
JerseySaint Helier
36%
GuernseySaint Peter Port
36%
Saint Pierre & MiquelonSaint Pierre
36%
Northern Mariana IslandsSaipan
36%
NiueAlofi
27%
Cook IslandsAvarua
27%
US Virgin IslandsCharlotte Amalie
27%
Turks & Caicos IslandsCockburn Town
27%
British Indian Ocean TerritoryDiego Garcia
27%
Christmas IslandFlying Fish Cove
27%
Saint BarthélemyGustavia
27%
Saint HelenaJamestown
27%
MayotteMamoudzou
27%
Åland IslandsMariehamn
27%
American SamoaPago Pago
27%
MontserratPlymouth
27%
SabaThe Bottom
27%
AnguillaThe Valley
27%
Cocos or Keeling IslandsWest Island
27%
South Georgia & South Sandwich IslandsGrytviken
18%
Saint MartianMarigot
18%
Sint MaartenPhilipsburg
18%
GuamAgana
9%
Wallis & FutunaMata Uta
9%
BonairePort of Kralendijk
0%

Score Distribution

Percentile by Number Answered

Percent of People with Each Score

Your Score History

You have not taken this quiz